Statistiques concernant marques de voitures

Cliquez ici pour prendre le quiz!

Statistiques générales

  • Ce quiz a été pris 8 322 fois
    (7 795 depuis la dernière actualisation)
  • Le résultat moyen est 36 sur 112

Statistiques - réponses

marques% Correct
Ferrari
92%
Renault
91%
Mercedes
90%
Peugeot
90%
Audi
89%
BMW
88%
Citroen
88%
Lamborghini
85%
Porsche
80%
Ford
79%
Toyota
77%
Fiat
75%
Volkswagen
73%
Bugatti
72%
Honda
69%
Nissan
67%
Chevrolet
66%
Aston martin
65%
Opel
65%
Hyundai
64%
Dacia
63%
Tesla
62%
Seat
61%
Alfa romeo
60%
Bentley
60%
Mini
58%
Skoda
57%
Suzuki
57%
Volvo
57%
Alpine
56%
Jaguar
54%
Kia
52%
Maserati
52%
Mclaren
52%
Rolls royce
52%
Land rover
50%
Mitsubishi
50%
Dodge
48%
Jeep
45%
Cadillac
44%
Lexus
44%
Mazda
43%
Subaru
43%
Smart
39%
Lotus
38%
Abarth
36%
DS
36%
Pagani
36%
Lancia
35%
Chrysler
32%
Koenigsegg
31%
General motors
30%
Lada
28%
MG
24%
Infiniti
22%
Saab
22%
Rover
20%
Hummer
19%
Acura
18%
GMC
18%
Pontiac
18%
KTM
17%
Shelby
17%
Isuzu
14%
Ram
14%
Tata
14%
Maybach
13%
Buick
12%
Lincoln
12%
Austin-Healey
11%
Ssangyong
11%
Morgan
10%
Caterham
9%
Datsun
9%
DMC
9%
Vauxhall
9%
Zenvo
9%
Daewoo
8%
Daihatsu
8%
Rimac
8%
TVR
8%
AMC
6%
Apollo
6%
Plymouth
6%
Fisker
5%
Hennessey
5%
Chery
4%
Holden
4%
Saturn
4%
Viper
4%
Bac
3%
Donkervoort
3%
Eagle
3%
Lola
3%
Lykan
3%
Noble
3%
Saleen
3%
Ultima
3%
Auto-Union
2%
Gumpert
2%
Morris
2%
Mosler
2%
Radical
2%
Scion
2%
Deberti
1%
Ginetta
1%
HSV
1%
Napier
1%
Reliant
1%
Vuhl
1%
Wiesmann
1%
Raesr
0%

Distribution des résultats

Percentile par nombre de réponses

% des personnes avec chaque résultat

Votre développement - résultats

Vous n’avez pas pris ce quiz depuis la dernière actualisation